000 01283nam a22003857a 4500
001 BR9406975
003 BR-BrBNA
005 20230928094357.0
007 ta
008 230509b bl.||||| |||| 00| 0 por d
040 _aBR-BrBNA
_bpor
_cBiblioteca Nacional de Agricultura
041 _a(Por)
072 _aF30; H10; H20
_b0430
090 _ 0430 BR9406975
110 1 _aEmpresa Mato-Grossense de Pesquisa, Assistencia e Extensao Rural S.A., Cuiaba, MT (Brasil)
110 1 _aCentro Nacional de Pesquisa do Algodao, Campina Grande, PB (Brasil)
_91702
111 1 _a7. Reuniao Nacional do Algodao2. Seminario sobre a Cultura do Algodao em Mato Grosso
_cCuiaba, MT (Brazil)
_d20-24 Sep 1993
245 1 _a7. Reuniao Nacional do Algodao. 2. Seminario sobre a Cultura do Algodao em Mato Grosso
260 3 _aCuiaba, MT (Brasil):
_c1993.
300 _a221 p.
500 _aSummary only
650 _aAlgodao
650 _aMelhoramento Genetico Vegetal
650 _aDoenca de Planta
650 _aSemente
650 _aPolitica Agricola
650 _aDifusao de Tecnologia
650 _aEntomologia
650 _aIrrigacao
650 _aPratica Cultural
650 _aAdubacao
650 _aHerbicida
909 _a202309
_bLucia
_c55
_dLucia Elande
942 _cBK
999 _c50380
_d50380